Integrated risk assessment : (Record no. 548465)
[ view plain ]
| 000 -LEADER | |
|---|---|
| fixed length control field | 00509mam a2200157 a 4500 |
| 020 ## - INTERNATIONAL STANDARD BOOK NUMBER | |
| International Standard Book Number | 9054109580 |
| 082 ## - DEWEY DECIMAL CLASSIFICATION NUMBER | |
| Classification number | 658.155 |
| Author Mark | INT |
| -- | L-39, P-167 |
| 245 10 - TITLE STATEMENT | |
| Title | Integrated risk assessment : |
| Statement of responsibility, etc. | edited by M.G. Stewart & R.E. Melchers. |
| 260 ## - PUBLICATION, DISTRIBUTION, ETC. | |
| Place of publication, distribution, etc. | Rotterdam ; |
| -- | Brookfield : |
| Name of publisher, distributor, etc. | A.A. Balkema, |
| Date of publication, distribution, etc. | c1995. |
| 300 ## - PHYSICAL DESCRIPTION | |
| Extent | viii, P-243 |
| Other physical details | ill. ; |
| Dimensions | 26 cm. |
| 526 ## - STUDY PROGRAM INFORMATION NOTE | |
| Program name | 0 |
| Interest level | 0 |
| Reading level | 0 |
| Title point value | 658_155000000000000_INT |
| 650 #0 - SUBJECT ADDED ENTRY--TOPICAL TERM | |
| Topical term or geographic name entry element | Risk assessment |
| 9 (RLIN) | 1890 |
| 700 1# - ADDED ENTRY--PERSONAL NAME | |
| Personal name | Melchers, R. E. |
| 9 (RLIN) | 43154 |
| 700 1# - ADDED ENTRY--PERSONAL NAME | |
| Personal name | Stewart, M. G. |
| 9 (RLIN) | 44772 |
| 942 ## - ADDED ENTRY ELEMENTS (KOHA) | |
| Source of classification or shelving scheme | |
| Koha item type | Book |
| Withdrawn status | Lost status | Source of classification or shelving scheme | Damaged status | Not for loan | Permanent Location | Current Location | Date acquired | Total Checkouts | Full call number | Barcode | Date last seen | Price effective from | Koha item type |
|---|---|---|---|---|---|---|---|---|---|---|---|---|---|
| Military College of Engineering (MCE) | Military College of Engineering (MCE) | 08/28/2014 | 658.155 INT | MCE-42824 | 08/28/2014 | 08/28/2014 | Book |
